| 000 | 00554nam a2200169Ia 4500 | ||
|---|---|---|---|
| 003 | GCL | ||
| 008 | 140319s9999 xx 000 0 ara d | ||
| 040 |
_aGCL / _cGCL |
||
| 082 | 0 | 4 |
_a812.043 _bم ا |
| 100 | 1 | _aمصطفى الحازج | |
| 245 | 1 | 0 |
_aاحتفال ليلى خاص لدريسدن : مسرحية فى ثلاث فصول / _cمصطفى الحازج |
| 300 | _a218 ص | ||
| 490 |
_aالهيئة العامة للاستعلامات _v0 |
||
| 650 | 0 | 4 | _aالادب العربى |
| 650 | 0 | 4 | _aالمسرحيات العربية |
| 942 |
_2ddc _cBK |
||
| 999 |
_c47387 _d47387 |
||